[Event "World op 37th"]
[Site "Philadelphia"]
[Date "2009.07.03"]
[Round "5"]
[White "Bradford, Joseph M"]
[Black "Morshedi, Ali"]
[Result "0-1"]
[WhiteElo "2419"]
[BlackElo "2347"]
[PlyCount "54"]
[EventDate "2009.06.29"]
[EventType "swiss"]
[EventRounds "9"]
[EventCountry "USA"]
[SourceTitle "CBM 131 Extra"]
[Source "ChessBase"]
[SourceDate "2009.09.03"]
[SourceVersion "2"]
[SourceVersionDate "2009.09.16"]
[SourceQuality "1"]

1. Nf3 Nf6 2. c4 g6 3. Nc3 Bg7 4. e4 d6 5. d4 0-0 6. Be2 e5 7. 0-0 Nc6 8. d5 Ne7 9. b4 Nh5 10. Re1 f5 11. Ng5 Nf6 12. f3 Kh8 13. a4 Nh5 14. Ra3 Nf4 15. Bf1 h6 16. Bxf4 exf4 17. Ne6 Bxe6 18. dxe6 c6 19. a5 Be5 20. Na4 Qc8 21. a6 b6 22. c5 dxc5 23. bxc5 b5 24. exf5 Rxf5 25. Nb6 axb6 26. Rxe5 Rxe5 27. Qa1 Qc7 0-1

[Event "World op 37th"]
[Site "Philadelphia"]
[Date "2009.06.29"]
[Round "1"]
[White "Bradford, Joseph M"]
[Black "Kacheishvili, Giorgi"]
[Result "0-1"]
[WhiteElo "2419"]
[BlackElo "2613"]
[PlyCount "128"]
[EventDate "2009.06.29"]
[EventType "swiss"]
[EventRounds "9"]
[EventCountry "USA"]
[SourceTitle "CBM 131 Extra"]
[Source "ChessBase"]
[SourceDate "2009.09.03"]
[SourceVersion "2"]
[SourceVersionDate "2009.09.16"]
[SourceQuality "1"]

1. Nf3 d5 2. d4 Nf6 3. c4 e6 4. Nc3 Bb4 5. Bg5 0-0 6. e3 c5 7. Rc1 Nbd7 8. Bd3 cxd4 9. exd4 dxc4 10. Bxc4 b6 11. 0-0 Bb7 12. Qe2 Bxc3 13. bxc3 Qc7 14. Bd3 Ng4 15. Be4 Rac8 16. Bxb7 Qxb7 17. a4 Ngf6 18. Rfe1 Rc7 19. Bf4 Rc6 20. Qb5 Nd5 21. Bd2 Qc7 22. c4 N5f6 23. Bf4 Qc8 24. h3 h6 25. Bd2 Rd8 26. a5 Ne8 27. axb6 axb6 28. c5 bxc5 29. Ba5 Nd6 30. Qxc6 Qxc6 31. Bxd8 c4 32. Ne5 Nxe5 33. dxe5 Nb5 34. Ba5 Qc5 35. Re3 Kh7 36. Bd2 Qd4 37. Bc3 Qf4 38. Bb2 Nc7 39. g3 Qf5 40. Rxc4 Nd5 41. Rb3 Qxh3 42. Rf3 Qh5 43. Kg2 g5 44. Rc8 g4 45. Ra3 Qf5 46. Rc4 h5 47. Rb3 Kg7 48. Ba1 Kg6 49. Kg1 Kg7 50. Kg2 Ne7 51. Rf4 Qc2 52. Ra3 Nd5 53. Rd4 Kg6 54. Rda4 Qc1 55. Ra2 Kg7 56. R2a3 Nb6 57. Ra7 Nc4 58. Rd3 Nd2 59. Rxd2 Qxd2 60. Ra3 Qc1 61. Ra7 Qc5 62. Ra6 Qd5+ 63. Kg1 Qd1+ 64. Kg2 h4 0-1

[Event "Chicago op 18th"]
[Site "Chicago"]
[Date "2009.05.25"]
[Round "7"]
[White "Bradford, Joseph M"]
[Black "Kleiman, Jake"]
[Result "0-1"]
[WhiteElo "2476"]
[BlackElo "2373"]
[PlyCount "64"]
[EventDate "2009.05.22"]
[EventType "swiss"]
[EventRounds "7"]
[EventCountry "USA"]
[SourceTitle "CBM 130 Extra"]
[Source "ChessBase"]
[SourceDate "2009.07.02"]
[SourceVersion "2"]
[SourceVersionDate "2009.07.15"]
[SourceQuality "1"]

1. Nf3 d5 2. d4 c6 3. c4 Nf6 4. Nc3 e6 5. e3 Nbd7 6. Qc2 Bd6 7. b3 0-0 8. Be2 dxc4 9. bxc4 e5 10. c5 Bc7 11. 0-0 exd4 12. exd4 Re8 13. h3 Nf8 14. Rb1 Rb8 15. Rd1 Ng6 16. Bc4 Be6 17. Bxe6 Rxe6 18. Qa4 Ba5 19. d5 cxd5 20. Nb5 Ne4 21. Qd4 a6 22. Bb2 Qf8 23. Nd6 Nf4 24. Kf1 b6 25. Ba1 Ne2 26. Qxd5 N2c3 27. Qf5 Nxd6 28. cxd6 Nxd1 29. Rxd1 Rxd6 30. Rc1 Rbd8 31. Qc2 Rd5 32. g3 Qc5 0-1

[Event "Chicago op 18th"]
[Site "Chicago"]
[Date "2009.05.24"]
[Round "5"]
[White "Bradford, Joseph M"]
[Black "Yang, Darwin"]
[Result "1/2-1/2"]
[WhiteElo "2476"]
[BlackElo "2304"]
[PlyCount "41"]
[EventDate "2009.05.22"]
[EventType "swiss"]
[EventRounds "7"]
[EventCountry "USA"]
[SourceTitle "CBM 130 Extra"]
[Source "ChessBase"]
[SourceDate "2009.07.02"]
[SourceVersion "2"]
[SourceVersionDate "2009.07.15"]
[SourceQuality "1"]

1. Nf3 d5 2. g3 Nf6 3. Bg2 c6 4. d3 Bg4 5. Nbd2 e6 6. h3 Bh5 7. 0-0 Be7 8. b3 0-0 9. Bb2 Nbd7 10. c4 a5 11. a3 Rc8 12. Rc1 Bd6 13. Rc2 Qe7 14. Qc1 Rcd8 15. Re1 e5 16. cxd5 cxd5 17. Nh4 Bg6 18. Nxg6 hxg6 19. Qa1 Rc8 20. Rxc8 Rxc8 21. Rc1 1/2-1/2

[Event "US Open-109"]
[Site "Dallas"]
[Date "2008.08.09"]
[Round "8"]
[White "Tate, Emory"]
[Black "Bradford, Joseph M"]
[Result "0-1"]
[WhiteElo "2377"]
[BlackElo "2418"]
[PlyCount "132"]
[EventDate "2008.08.02"]
[EventType "swiss"]
[EventRounds "9"]
[EventCountry "USA"]
[SourceTitle "CBM 125 Extra"]
[Source "ChessBase"]
[SourceDate "2008.09.01"]
[SourceVersion "1"]
[SourceVersionDate "2008.09.01"]
[SourceQuality "1"]

1. e4 e6 2. Nc3 d5 3. Nf3 Nf6 4. e5 Nfd7 5. d4 c5 6. Ne2 Nc6 7. c3 cxd4 8. cxd4 f6 9. Nf4 Bb4+ 10. Bd2 Qe7 11. exf6 Nxf6 12. Bb5 Ne4 13. Nd3 Nxd2 14. Nxd2 0-0 15. Bxc6 bxc6 16. 0-0 Ba6 17. Nf3 c5 18. dxc5 Bxc5 19. Re1 Bb6 20. Nde5 Rf4 21. g3 Re4 22. a4 Qc5 23. Qd2 Ba5 24. Qc1 Qd6 25. Rxe4 dxe4 26. Qc6 Rd8 27. Qxd6 Rxd6 28. Nh4 Rd2 29. Rb1 e3 30. fxe3 Bb6 31. Re1 Rxb2 32. Nhf3 Ra2 33. Nd7 Bb7 34. Nd4 Rg2+ 35. Kf1 Rxh2 36. Re2 Rh1+ 37. Kf2 Bc7 38. Nc5 Bd5 39. Ncxe6 Bxe6 40. Nxe6 Rh2+ 41. Kf3 Rxe2 42. Kxe2 Bxg3 43. a5 Bd6 44. Nd4 Kf7 45. e4 h5 46. e5 Bc5 47. Nb3 Bb4 48. Kf3 g5 49. a6 Kg6 50. Nd4 Bc5 51. Ne6 Bb6 52. Ke4 h4 53. Nf8+ Kf7 54. Nd7 Bd8 55. Nc5 h3 56. Kf3 g4+ 57. Kg3 Bc7 58. Nd3 Bb6 59. Nb4 Ke6 60. Nd3 Be3 61. Kh2 Kf5 62. Kg3 Bd4 63. e6 Kxe6 64. Nf4+ Kf5 65. Nxh3 gxh3 66. Kxh3 Ke4 0-1

[Event "Las Vegas National op"]
[Site "Las Vegas"]
[Date "2008.06.08"]
[Round "6"]
[White "Yanayt, Eugene"]
[Black "Bradford, Joseph M"]
[Result "1/2-1/2"]
[WhiteElo "2268"]
[BlackElo "2412"]
[PlyCount "24"]
[EventDate "2008.06.06"]
[EventType "swiss"]
[EventRounds "6"]
[EventCountry "USA"]
[SourceTitle "CBM 124 Extra"]
[Source "ChessBase"]
[SourceDate "2008.07.03"]
[SourceVersion "1"]
[SourceVersionDate "2008.07.03"]
[SourceQuality "1"]

1. d4 d5 2. c4 c6 3. Nf3 Nf6 4. Qc2 g6 5. Bf4 Bg7 6. e3 0-0 7. Nc3 Qa5 8. cxd5 Nxd5 9. Be5 Bf5 10. Qd2 Nxc3 11. Bxg7 Kxg7 12. Qxc3 Qxc3+ 1/2-1/2

[Event "USA-ch Qualifier"]
[Site "Tulsa"]
[Date "2008.03.28"]
[Round "1"]
[White "Plunkett, Robert"]
[Black "Bradford, Joseph M"]
[Result "0-1"]
[WhiteElo "2117"]
[BlackElo "2419"]
[PlyCount "40"]
[EventDate "2008.03.28"]
[EventType "swiss"]
[EventRounds "7"]
[EventCountry "USA"]
[SourceTitle "CBM 123 Extra"]
[Source "ChessBase"]
[SourceDate "2008.05.06"]
[SourceVersion "1"]
[SourceVersionDate "2008.05.06"]
[SourceQuality "1"]

1. e4 e6 2. d4 d5 3. Nc3 Bb4 4. e5 c5 5. a3 Ba5 6. b4 cxd4 7. Qg4 Ne7 8. Qxg7 Rg8 9. Qxh7 Bc7 10. Nb5 a6 11. Nxd4 Bxe5 12. Ngf3 Bxd4 13. Nxd4 e5 14. Nf3 Bf5 15. Qh5 Qc7 16. Bd2 Nd7 17. Be2 Bg4 18. Qh7 Nf8 19. Qh4 Nf5 20. Qf6 Nd7 0-1

[Event "Gibraltar Masters 6th"]
[Site "Gibraltar"]
[Date "2008.01.27"]
[Round "6"]
[White "Bradford, Joseph M"]
[Black "Rosberg, Simon"]
[Result "1/2-1/2"]
[WhiteElo "2419"]
[BlackElo "2246"]
[PlyCount "61"]
[EventDate "2008.01.22"]
[EventType "swiss"]
[EventRounds "10"]
[EventCountry "ENG"]
[SourceTitle "CBM 122 Extra"]
[Source "ChessBase"]
[SourceDate "2008.03.04"]
[SourceVersion "1"]
[SourceVersionDate "2008.03.04"]
[SourceQuality "1"]

1. Nf3 Nf6 2. g3 b6 3. Bg2 Bb7 4. 0-0 e6 5. c4 c5 6. Nc3 Be7 7. Re1 d6 8. e4 a6 9. d4 cxd4 10. Nxd4 Qc7 11. Be3 0-0 12. Rc1 Nbd7 13. f4 Rac8 14. b3 Qb8 15. f5 e5 16. Nc2 b5 17. Nd5 Nxd5 18. cxd5 Bd8 19. Qd2 Ba8 20. Bf3 Bb6 21. Kg2 Bxe3 22. Nxe3 Rxc1 23. Rxc1 Rc8 24. Be2 Rxc1 25. Qxc1 f6 26. Kf3 Bb7 27. g4 Kf8 28. h4 Qc8 29. Qxc8+ Bxc8 30. b4 h6 31. Nd1 1/2-1/2

[Event "Gibraltar Masters 6th"]
[Site "Gibraltar"]
[Date "2008.01.26"]
[Round "5"]
[White "Tate, Alan"]
[Black "Bradford, Joseph M"]
[Result "0-1"]
[WhiteElo "2163"]
[BlackElo "2419"]
[PlyCount "52"]
[EventDate "2008.01.22"]
[EventType "swiss"]
[EventRounds "10"]
[EventCountry "ENG"]
[SourceTitle "CBM 122 Extra"]
[Source "ChessBase"]
[SourceDate "2008.03.04"]
[SourceVersion "1"]
[SourceVersionDate "2008.03.04"]
[SourceQuality "1"]

1. e4 e6 2. d4 d5 3. Nd2 Nf6 4. e5 Nfd7 5. Bd3 c5 6. c3 Nc6 7. Ngf3 Be7 8. 0-0 a5 9. Re1 a4 10. Nf1 cxd4 11. cxd4 Nb6 12. Ng3 Bd7 13. Nh5 g6 14. Nf6+ Bxf6 15. exf6 Qxf6 16. Bg5 Qg7 17. Qd2 f6 18. Bf4 Qe7 19. Bc7 Nc8 20. h4 0-0 21. Qf4 Be8 22. Qg3 e5 23. Bxe5 fxe5 24. Nxe5 Qg7 25. h5 gxh5 26. Qh3 N8e7 0-1

[Event "Winterthur op"]
[Site "Winterthur"]
[Date "2007.10.12"]
[Round "8"]
[White "Galyas, Miklos"]
[Black "Bradford, Joseph M"]
[Result "1-0"]
[WhiteElo "2433"]
[BlackElo "2402"]
[PlyCount "53"]
[EventDate "2007.10.05"]
[EventType "swiss"]
[EventRounds "9"]
[EventCountry "SUI"]
[SourceTitle "CBM 120 Extra"]
[Source "ChessBase"]
[SourceDate "2007.11.01"]
[SourceVersion "1"]
[SourceVersionDate "2007.11.01"]
[SourceQuality "1"]

1. d4 e6 2. c4 Nf6 3. Nc3 Bb4 4. f3 0-0 5. a3 Bxc3+ 6. bxc3 d5 7. cxd5 exd5 8. e3 Re8 9. Bd3 c5 10. Ne2 b6 11. 0-0 Ba6 12. Ng3 Qc8 13. e4 cxd4 14. cxd4 dxe4 15. fxe4 Qc3 16. Bxa6 Nxa6 17. e5 Qxa1 18. exf6 g6 19. Qd3 Rac8 20. Bd2 Qb2 21. Nf5 Rc2 22. Ne7+ Kh8 23. Qe3 Nc7 24. Nxg6+ Kg8 25. Ne5 Rxe5 26. Qg3+ Kf8 27. Qxe5 1-0

[Event "Winterthur op"]
[Site "Winterthur"]
[Date "2007.10.08"]
[Round "4"]
[White "Buhmann, Rainer"]
[Black "Bradford, Joseph M"]
[Result "1/2-1/2"]
[WhiteElo "2567"]
[BlackElo "2402"]
[PlyCount "67"]
[EventDate "2007.10.05"]
[EventType "swiss"]
[EventRounds "9"]
[EventCountry "SUI"]
[SourceTitle "CBM 120 Extra"]
[Source "ChessBase"]
[SourceDate "2007.11.01"]
[SourceVersion "1"]
[SourceVersionDate "2007.11.01"]
[SourceQuality "1"]

1. Nf3 Nf6 2. c4 e6 3. g3 d5 4. d4 Bb4+ 5. Bd2 Be7 6. Bg2 0-0 7. Qc2 c6 8. 0-0 b6 9. Bf4 Ba6 10. b3 Nbd7 11. Rd1 Rc8 12. Nc3 Qe8 13. e4 dxc4 14. Nd2 e5 15. dxe5 Ng4 16. Bh3 h5 17. Nxc4 Bxc4 18. bxc4 Rd8 19. Bxg4 hxg4 20. Rd3 Nc5 21. Rdd1 Rxd1+ 22. Rxd1 Qc8 23. Ne2 Ne6 24. Be3 Rd8 25. Rxd8+ Qxd8 26. Qd2 Qxd2 27. Bxd2 Bc5 28. Kg2 Nd4 29. Nxd4 Bxd4 30. e6 fxe6 31. f3 gxf3+ 32. Kxf3 b5 33. cxb5 cxb5 34. h4 1/2-1/2

[Event "Monarch Assurance 16th"]
[Site "Port Erin"]
[Date "2007.09.30"]
[Round "9"]
[White "Hebden, Mark"]
[Black "Bradford, Joseph M"]
[Result "0-1"]
[WhiteElo "2540"]
[BlackElo "2406"]
[PlyCount "122"]
[EventDate "2007.09.22"]
[EventType "swiss"]
[EventRounds "9"]
[EventCountry "IOM"]
[SourceTitle "CBM 120 Extra"]
[Source "ChessBase"]
[SourceDate "2007.11.01"]
[SourceVersion "1"]
[SourceVersionDate "2007.11.01"]
[SourceQuality "1"]

1. d4 e6 2. Nf3 Nf6 3. c3 b6 4. Bg5 Bb7 5. Nbd2 Be7 6. h4 d6 7. h5 Nbd7 8. e3 c5 9. Bf4 Qc7 10. Bd3 cxd4 11. cxd4 Rc8 12. Bg3 h6 13. Nh4 Qc6 14. e4 d5 15. e5 Ne4 16. Bf4 Bg5 17. g3 b5 18. Nb3 Qb6 19. Qe2 b4 20. Qe3 Ba6 21. Bxg5 hxg5 22. Nf3 Bxd3 23. Qxd3 g4 24. Nfd2 f5 25. exf6 Ndxf6 26. Nxe4 Nxe4 27. Nd2 Qc6 28. Rd1 0-0 29. 0-0 Qc2 30. Nxe4 dxe4 31. Qa6 Rf6 32. d5 exd5 33. Qxa7 Rf3 34. Qd4 Rf5 35. Qxb4 Rxf2 36. Rxf2 Qxd1+ 37. Rf1 Qd3 38. Qd6 Re8 39. Qf4 Qd4+ 40. Rf2 Qe5 41. Qxg4 e3 42. Re2 Re6 43. h6 Rxh6 44. Qc8+ Kh7 45. Qc2+ g6 46. Kg2 d4 47. Qc6 Rh5 48. Re1 Qa5 49. Re2 Qd8 50. Qb7+ Kg8 51. Kg1 Qd5 52. Qb8+ Kg7 53. Qc7+ Kf6 54. Rg2 Re5 55. g4 Re7 56. g5+ Kf7 57. Qf4+ Kg8 58. Qb8+ Kg7 59. Qb6 Qe5 60. Kf1 d3 61. Ke1 Rc7 0-1

[Event "Monarch Assurance 16th"]
[Site "Port Erin"]
[Date "2007.09.24"]
[Round "3"]
[White "Egozi, Nadav"]
[Black "Bradford, Joseph M"]
[Result "1/2-1/2"]
[WhiteElo "2205"]
[BlackElo "2406"]
[PlyCount "72"]
[EventDate "2007.09.22"]
[EventType "swiss"]
[EventRounds "9"]
[EventCountry "IOM"]
[SourceTitle "CBM 120 Extra"]
[Source "ChessBase"]
[SourceDate "2007.11.01"]
[SourceVersion "1"]
[SourceVersionDate "2007.11.01"]
[SourceQuality "1"]

1. d4 Nf6 2. c4 e6 3. Nf3 d5 4. Nc3 Bb4 5. Bg5 Nbd7 6. cxd5 exd5 7. Qc2 0-0 8. e3 c5 9. Be2 Qa5 10. 0-0 Re8 11. Bf4 Bxc3 12. bxc3 b6 13. Rfc1 Ba6 14. Ne5 Nxe5 15. Bxe5 Nd7 16. Bxa6 Qxa6 17. Bf4 Rac8 18. Qf5 Qb7 19. h4 Nf6 20. Be5 Qd7 21. Qf3 Ne4 22. h5 f6 23. Bf4 Qe6 24. Qe2 c4 25. f3 Nd6 26. g4 Nf7 27. Kg2 Re7 28. Rf1 Rce8 29. Rae1 Qc6 30. Qc2 Nd8 31. Rf2 b5 32. Rfe2 a5 33. a3 Ne6 34. Bg3 Ng5 35. Bf4 Ne6 36. Bg3 Ng5 1/2-1/2

[Event "Canadian op"]
[Site "Ottawa"]
[Date "2007.07.14"]
[Round "9"]
[White "Gordon, David"]
[Black "Bradford, Joseph M"]
[Result "0-1"]
[WhiteElo "2239"]
[BlackElo "2406"]
[PlyCount "92"]
[EventDate "2007.07.07"]
[EventType "swiss"]
[EventRounds "10"]
[EventCountry "CAN"]
[SourceTitle "CBM 119 Extra"]
[Source "ChessBase"]
[SourceDate "2007.09.04"]
[SourceVersion "1"]
[SourceVersionDate "2007.09.04"]
[SourceQuality "1"]

1. d4 e6 2. e4 d5 3. Nd2 a6 4. c3 c5 5. exd5 Qxd5 6. Ngf3 Nf6 7. Bc4 Qd8 8. a4 Nc6 9. Nb3 cxd4 10. Nbxd4 Nxd4 11. Qxd4 Qxd4 12. Nxd4 Bd6 13. 0-0 Bd7 14. Re1 Ng4 15. f4 0-0-0 16. b4 e5 17. fxe5 Nxe5 18. Be2 Rhe8 19. Bb2 Re7 20. h3 Rde8 21. Kf2 Ng6 22. b5 axb5 23. axb5 Kc7 24. c4 Re3 25. Nf3 Bb4 26. Bxg7 Bxe1+ 27. Rxe1 Nf4 28. Bf1 Rxe1 29. Nxe1 Bf5 30. c5 Ne6 31. Be5+ Kd7 32. c6+ bxc6 33. bxc6+ Kxc6 34. Nf3 Kd5 35. Bf6 Nc5 36. Ng5 h6 37. Nxf7 Ne4+ 38. Kf3 Nxf6 39. Nxh6 Be4+ 40. Kf2 Rh8 41. Nf7 Rf8 42. Ng5 Nh7+ 43. Nf3 Ng5 44. Be2 Bxf3 45. Bxf3+ Nxf3 46. gxf3 Ke5 0-1

[Event "Canadian op"]
[Site "Ottawa"]
[Date "2007.07.11"]
[Round "6"]
[White "Bradford, Joseph M"]
[Black "Doubleday, William G"]
[Result "1-0"]
[WhiteElo "2406"]
[BlackElo "2130"]
[PlyCount "113"]
[EventDate "2007.07.07"]
[EventType "swiss"]
[EventRounds "10"]
[EventCountry "CAN"]
[SourceTitle "CBM 119 Extra"]
[Source "ChessBase"]
[SourceDate "2007.09.04"]
[SourceVersion "1"]
[SourceVersionDate "2007.09.04"]
[SourceQuality "1"]

1. Nf3 d5 2. g3 Bg4 3. Bg2 c6 4. d4 Nf6 5. Nbd2 e6 6. c4 Be7 7. 0-0 Nbd7 8. b3 0-0 9. Bb2 a5 10. a3 c5 11. Ne5 Bf5 12. Nxd7 Qxd7 13. cxd5 exd5 14. dxc5 Bxc5 15. Bxf6 gxf6 16. Nf3 d4 17. Qd2 Qd6 18. Rfd1 Rfd8 19. Nh4 Bg6 20. Nxg6 hxg6 21. Bxb7 Rab8 22. Be4 Rxb3 23. Qxa5 Rxa3 24. Rxa3 Bxa3 25. Rb1 Bc5 26. Bd3 Rd7 27. Qa8+ Rd8 28. Qb7 Rd7 29. Qc8+ Rd8 30. Qg4 Rd7 31. Rb5 Ba7 32. Bc4 Rc7 33. Qxg6+ Kf8 34. Qh6+ Ke7 35. Bd3 Rc5 36. Rb1 Bb8 37. h4 Bc7 38. Qh7 Qe5 39. Ra1 f5 40. Qh5 f4 41. Qxe5+ Bxe5 42. g4 f3 43. exf3 Rc3 44. Rd1 f6 45. Kg2 Kf8 46. Bf5 Rc4 47. Re1 Rc3 48. Ra1 Kg7 49. Ra5 Rc7 50. Rd5 Re7 51. Kf1 Kf8 52. Be4 Ra7 53. g5 Kg7 54. h5 Re7 55. h6+ Kf8 56. g6 Re8 57. Bf5 1-0

[Event "Canadian op"]
[Site "Ottawa"]
[Date "2007.07.10"]
[Round "5"]
[White "Aird, Ian"]
[Black "Bradford, Joseph M"]
[Result "1/2-1/2"]
[WhiteElo "2039"]
[BlackElo "2406"]
[PlyCount "60"]
[EventDate "2007.07.07"]
[EventType "swiss"]
[EventRounds "10"]
[EventCountry "CAN"]
[SourceTitle "CBM 119 Extra"]
[Source "ChessBase"]
[SourceDate "2007.09.04"]
[SourceVersion "1"]
[SourceVersionDate "2007.09.04"]
[SourceQuality "1"]

1. Nf3 Nf6 2. c4 e6 3. g3 b6 4. Bg2 Bb7 5. 0-0 c5 6. Nc3 Be7 7. d4 cxd4 8. Qxd4 d6 9. Bg5 a6 10. Bxf6 Bxf6 11. Qf4 Qc7 12. Ne4 Be7 13. Rfd1 e5 14. Qg4 g6 15. Nh4 Kf8 16. e3 Nd7 17. Nc3 Nf6 18. Qe2 Bxg2 19. Nxg2 Rc8 20. Nd5 Qxc4 21. Qxc4 Rxc4 22. Nxf6 Bxf6 23. Rxd6 Kg7 24. Rad1 Rd8 25. Ne1 Rcc8 26. e4 Be7 27. Rxd8 Rxd8 28. Rxd8 Bxd8 29. Nd3 Kf6 30. Nb4 a5 1/2-1/2

[Event "Foxwoods op 09th"]
[Site "Connecticut"]
[Date "2007.04.06"]
[Round "4"]
[White "Bartell, Thomas"]
[Black "Bradford, Joseph M"]
[Result "1/2-1/2"]
[WhiteElo "2380"]
[BlackElo "2442"]
[PlyCount "94"]
[EventDate "2007.04.04"]
[EventType "swiss"]
[EventRounds "9"]
[EventCountry "USA"]
[SourceTitle "CBM 117 Extra"]
[Source "ChessBase"]
[SourceDate "2007.05.09"]
[SourceVersion "1"]
[SourceVersionDate "2007.05.09"]
[SourceQuality "1"]

1. d4 Nf6 2. c4 e6 3. Nf3 b6 4. g3 Ba6 5. b3 Bb4+ 6. Bd2 Be7 7. Bg2 c6 8. 0-0 d5 9. Qc2 Nbd7 10. Rd1 0-0 11. Bf4 Nh5 12. Bc1 Nhf6 13. Bb2 Rc8 14. Nc3 Qc7 15. e4 dxc4 16. Qb1 b5 17. bxc4 b4 18. Ne2 Bxc4 19. Nf4 Rfd8 20. Qc2 Bb5 21. Rac1 Qb8 22. Qb1 a5 23. Bh3 Nf8 24. d5 cxd5 25. Rxc8 Qxc8 26. exd5 Qa6 27. dxe6 Rxd1+ 28. Qxd1 fxe6 29. Ne5 a4 30. Qc2 Qd6 31. Bf1 Bxf1 32. Kxf1 a3 33. Ba1 Nd5 34. Nfd3 Bf6 35. Nc4 Qa6 36. Bxf6 gxf6 37. Kg1 Nc3 38. Qb3 Nd5 39. Nxb4 Qb5 40. Nc2 Qxb3 41. axb3 a2 42. Kf1 Nd7 43. Ke2 Nc5 44. Na1 Kg7 45. Ne3 Nb4 46. f3 Nc6 47. Nec2 e5 1/2-1/2

[Event "Foxwoods op 09th"]
[Site "Connecticut"]
[Date "2007.04.05"]
[Round "3"]
[White "Bradford, Joseph M"]
[Black "Maltese, Adam"]
[Result "1-0"]
[WhiteElo "2442"]
[BlackElo "2194"]
[PlyCount "79"]
[EventDate "2007.04.04"]
[EventType "swiss"]
[EventRounds "9"]
[EventCountry "USA"]
[SourceTitle "CBM 117 Extra"]
[Source "ChessBase"]
[SourceDate "2007.05.09"]
[SourceVersion "1"]
[SourceVersionDate "2007.05.09"]
[SourceQuality "1"]

1. Nf3 d6 2. d4 Bg4 3. Nbd2 Nf6 4. h3 Bh5 5. g4 Bg6 6. Nh4 e5 7. Bg2 c6 8. Nxg6 hxg6 9. e3 Nbd7 10. c3 d5 11. Qb3 Qc7 12. c4 exd4 13. exd4 0-0-0 14. cxd5 Nxd5 15. Bxd5 cxd5 16. Nf3 Kb8 17. Bg5 Re8+ 18. Kf1 Nb6 19. Rc1 Qd6 20. Ne5 Qe6 21. Bf4 Ka8 22. Qf3 Bd6 23. Kg2 g5 24. Bg3 f6 25. Ng6 Rhg8 26. Rhe1 Qd7 27. Qf5 Qd8 28. Bxd6 Qxd6 29. b3 a6 30. Rxe8+ Rxe8 31. Rc5 Re4 32. Rc2 Rxd4 33. Re2 Ka7 34. Re7 Rd2 35. Rxg7 d4 36. Ne7 Re2 37. Qh7 Qe6 38. Qd3 Re4 39. a4 Qe5 40. Nc6+ 1-0